[Event "16. Memorial dr. Milana Vidmarja 2005"]
[Site "Portoroz SLO"]
[Date "2005.07.09"]
[Round "1.1"]
[White "Lenic, Luka"]
[Black "Bartel, Mateusz"]
[Result "1-0"]
[WhiteElo "2463"]
[BlackElo "2540"]
[PlyCount "109"]
[EventDate "2005.07.09"]
[EventType "tourn"]
[EventRounds "9"]
[EventCountry "SLO"]
[Source "lmi"]
[SourceDate "2005.07.18"]

1. d4 Nf6 2. Nf3 e6 3. c4 b6 4. Nc3 Bb7 5. a3 d5 6. cxd5 Nxd5 7. Qc2 Nxc3 8.
bxc3 c5 9. e4 Nc6 10. Bc4 cxd4 11. cxd4 b5 12. Bd3 Rc8 13. Qe2 a6 14. d5 Na5
15. Bxb5+ axb5 16. Qxb5+ Qd7 17. Qxa5 Ra8 18. Qc3 Ba6 19. Ne5 Qb5 20. Qc6+ Qxc6
21. Nxc6 exd5 22. exd5 Bc4 23. Ne5 Bb4+ 24. Bd2 Bxd2+ 25. Kxd2 Bxd5 26. f3 O-O
27. Rhc1 Rfd8 28. Nd3 g5 29. Rc3 Ra4 30. Ke3 Re8+ 31. Kf2 Rd4 32. Re1 Rxe1 33.
Kxe1 g4 34. Kf2 gxf3 35. gxf3 Kg7 36. Ke3 Rh4 37. Nf4 Be6 38. Rc2 Kf6 39. Rb2
Ke5 40. Rb5+ Kd6 41. Rh5 Rxh5 42. Nxh5 Ke5 43. a4 Bc4 44. Nf4 Kd6 45. h4 Bb3
46. a5 Kc5 47. Nd3+ Kb5 48. a6 Kb6 49. Nb4 Bc4 50. Ke4 Bf1 51. Ke5 Bg2 52. f4
h6 53. Kf6 Be4 54. Kxf7 Kc5 55. Kg7 1-0

[Event "16. Memorial dr. Milana Vidmarja 2005"]
[Site "Portoroz SLO"]
[Date "2005.07.09"]
[Round "1.2"]
[White "Borisek, Jure"]
[Black "Baramidze, David"]
[Result "1-0"]
[WhiteElo "2509"]
[BlackElo "2535"]
[PlyCount "75"]
[EventDate "2005.07.09"]
[EventType "tourn"]
[EventRounds "9"]
[EventCountry "SLO"]
[Source "lmi"]
[SourceDate "2005.07.18"]

1. e4 c5 2. Nf3 d6 3. d4 cxd4 4. Nxd4 Nf6 5. Nc3 a6 6. Be3 e5 7. Nf3 Be7 8. Bc4
O-O 9. O-O Qc7 10. Qe2 Nbd7 11. Rfd1 b5 12. Bb3 b4 13. Nd5 Nxd5 14. Bxd5 Bb7
15. a3 Bxd5 16. exd5 Rfb8 17. axb4 Rxb4 18. b3 Qb7 19. Nd2 Qxd5 20. Rxa6 h6 21.
Qd3 Qb7 22. Rxa8+ Qxa8 23. Nc4 Nf6 24. Nxd6 Rg4 25. g3 Bxd6 26. Qxd6 Qf3 27.
Ra1 h5 28. Qd1 Qf5 29. h3 Rg6 30. Kh2 Kh7 31. Ra4 e4 32. Rd4 h4 33. g4 Nxg4+
34. hxg4 Rxg4 35. Rd5 Qe6 36. Rh5+ Kg6 37. Qd5 Qf6 38. Qe5 1-0

[Event "16. Memorial dr. Milana Vidmarja 2005"]
[Site "Portoroz SLO"]
[Date "2005.07.09"]
[Round "1.3"]
[White "Beliavsky, Alexander G"]
[Black "Sermek, Drazen"]
[Result "1-0"]
[WhiteElo "2599"]
[BlackElo "2532"]
[PlyCount "91"]
[EventDate "2005.07.09"]
[EventType "tourn"]
[EventRounds "9"]
[EventCountry "SLO"]
[Source "lmi"]
[SourceDate "2005.07.18"]

1. d4 d5 2. c4 dxc4 3. e4 e5 4. Nf3 exd4 5. Bxc4 Nc6 6. O-O Be6 7. Bxe6 fxe6 8.
Qb3 Qd7 9. Qxb7 Rb8 10. Qa6 Nf6 11. Nbd2 Bd6 12. a3 O-O 13. b4 e5 14. Ne1 Rb6
15. Qe2 Qe6 16. Nc4 Rbb8 17. Bd2 Nd7 18. Rc1 Ne7 19. Nd3 Nb6 20. Na5 h6 21. Rc2
Nd7 22. Rfc1 Kh7 23. h3 Rf7 24. Qg4 Qxg4 25. hxg4 Kg8 26. f3 Rff8 27. Kf2 Kf7
28. Ke2 Ke6 29. g5 hxg5 30. Bxg5 Ng8 31. Nc6 Ra8 32. f4 exf4 33. Nxd4+ Kf7 34.
Bxf4 Rae8 35. e5 Nxe5 36. Rxc7+ Kg6 37. Bxe5 Bxe5 38. Nxe5+ Rxe5+ 39. Kd3 Nf6
40. R1c5 Re1 41. Nf3 Rd8+ 42. Kc4 Re4+ 43. Kb5 Kh6 44. Ne5 Kh7 45. Rxa7 Rb8+
46. Ka4 1-0

[Event "16. Memorial dr. Milana Vidmarja 2005"]
[Site "Portoroz SLO"]
[Date "2005.07.09"]
[Round "1.4"]
[White "Mihalcisin, Adrian"]
[Black "Predojevic, Borki"]
[Result "1/2-1/2"]
[WhiteElo "2526"]
[BlackElo "2543"]
[PlyCount "42"]
[EventDate "2005.07.09"]
[EventType "tourn"]
[EventRounds "9"]
[EventCountry "SLO"]
[Source "lmi"]
[SourceDate "2005.07.18"]

1. d4 d5 2. c4 c6 3. e3 Nf6 4. Nc3 a6 5. Qc2 e6 6. Nf3 c5 7. dxc5 Bxc5 8. a3
Ba7 9. b4 dxc4 10. Bxc4 Nbd7 11. Bd3 Qe7 12. Bb2 b5 13. Ne4 Bb7 14. O-O Rc8 15.
Nxf6+ Nxf6 16. Qe2 O-O 17. a4 Bb8 18. axb5 axb5 19. Bxb5 Bxf3 20. Qxf3 Qxb4 21.
Bxf6 Qxb5 1/2-1/2

[Event "16. Memorial dr. Milana Vidmarja 2005"]
[Site "Portoroz SLO"]
[Date "2005.07.10"]
[Round "2.1"]
[White "Bartel, Mateusz"]
[Black "Baramidze, David"]
[Result "1/2-1/2"]
[WhiteElo "2540"]
[BlackElo "2535"]
[PlyCount "83"]
[EventDate "2005.07.09"]
[EventType "tourn"]
[EventRounds "9"]
[EventCountry "SLO"]
[Source "lmi"]
[SourceDate "2005.07.18"]

1. e4 c5 2. Nf3 d6 3. Nc3 a6 4. Be2 e5 5. O-O g6 6. Nd5 Bg7 7. c3 Ne7 8. d4
Nxd5 9. exd5 exd4 10. cxd4 Nd7 11. Bf4 Qb6 12. Qb3 cxd4 13. Qxb6 Nxb6 14. Bxd6
Nxd5 15. Nxd4 Be6 16. Nxe6 fxe6 17. a4 Rc8 18. Rac1 Kd7 19. Ba3 Rxc1 20. Rxc1
Rc8 21. Rxc8 Kxc8 22. g3 a5 23. Bd3 Kd8 24. h4 Ke8 25. Kf1 Kf7 26. Ke2 Bd4 27.
Be4 b6 28. f3 Nb4 29. b3 Kf6 30. Bc1 e5 31. g4 Ke6 32. Be3 Bxe3 33. Kxe3 Nd5+
34. Kd3 Nf6 35. Ba8 h6 36. Kc4 Kd6 37. Kb5 Kc7 38. Bc6 g5 39. h5 Ng8 40. Be8
Nf6 41. Bg6 Nd5 42. Be4 1/2-1/2

[Event "16. Memorial dr. Milana Vidmarja 2005"]
[Site "Portoroz SLO"]
[Date "2005.07.10"]
[Round "2.2"]
[White "Djukic, Nikola"]
[Black "Borisek, Jure"]
[Result "1-0"]
[WhiteElo "2521"]
[BlackElo "2509"]
[PlyCount "57"]
[EventDate "2005.07.09"]
[EventType "tourn"]
[EventRounds "9"]
[EventCountry "SLO"]
[Source "lmi"]
[SourceDate "2005.07.18"]

1. Nf3 c5 2. e4 d6 3. d4 cxd4 4. Nxd4 Nf6 5. Nc3 a6 6. Be3 e6 7. Be2 Qc7 8. f4
b5 9. Bf3 Bb7 10. e5 dxe5 11. Bxb7 Qxb7 12. fxe5 Nfd7 13. O-O Nxe5 14. Qh5 Ng6
15. Qh3 Bd6 16. Nxe6 fxe6 17. Qxe6+ Qe7 18. Qc8+ Qd8 19. Qb7 Nd7 20. Rad1 Bxh2+
21. Kxh2 Qb8+ 22. Qxb8+ Rxb8 23. Ne4 Rf8 24. Rfe1 Nde5 25. Bc5 Rf4 26. Nd6+ Ke7
27. Nc4+ Kf6 28. Nxe5 Nxe5 29. Rxe5 1-0

[Event "16. Memorial dr. Milana Vidmarja 2005"]
[Site "Portoroz SLO"]
[Date "2005.07.10"]
[Round "2.3"]
[White "Predojevic, Borki"]
[Black "Pavasovic, Dusko"]
[Result "1/2-1/2"]
[WhiteElo "2543"]
[BlackElo "2566"]
[PlyCount "37"]
[EventDate "2005.07.09"]
[EventType "tourn"]
[EventRounds "9"]
[EventCountry "SLO"]
[Source "lmi"]
[SourceDate "2005.07.18"]

1. e4 e5 2. Nf3 Nc6 3. Bb5 a6 4. Ba4 Nf6 5. d3 d6 6. c4 Be7 7. h3 O-O 8. Be3
Bd7 9. Nc3 Re8 10. O-O Bf8 11. Re1 h6 12. Qd2 Nb8 13. Bxd7 Nbxd7 14. Qc2 c6 15.
Rad1 Qc7 16. d4 b5 17. c5 exd4 18. cxd6 Bxd6 19. Bxd4 1/2-1/2

[Event "16. Memorial dr. Milana Vidmarja 2005"]
[Site "Portoroz SLO"]
[Date "2005.07.10"]
[Round "2.4"]
[White "Sermek, Drazen"]
[Black "Mihalcisin, Adrian"]
[Result "1/2-1/2"]
[WhiteElo "2532"]
[BlackElo "2526"]
[PlyCount "42"]
[EventDate "2005.07.09"]
[EventType "tourn"]
[EventRounds "9"]
[EventCountry "SLO"]
[Source "lmi"]
[SourceDate "2005.07.18"]

1. e4 c6 2. d4 d5 3. exd5 cxd5 4. c3 Nc6 5. Bf4 Bf5 6. Bd3 Bxd3 7. Qxd3 e6 8.
Ne2 Nf6 9. Nd2 Bd6 10. O-O O-O 11. Rfe1 Bxf4 12. Nxf4 Qc7 13. g3 Rab8 14. Qf3
a5 15. Nd3 Nd7 16. Qf4 Qxf4 17. Nxf4 b5 18. a3 b4 19. axb4 axb4 20. Nd3 bxc3
21. bxc3 Ra8 1/2-1/2

[Event "16. Memorial dr. Milana Vidmarja 2005"]
[Site "Portoroz SLO"]
[Date "2005.07.10"]
[Round "2.5"]
[White "Lenic, Luka"]
[Black "Beliavsky, Alexander G"]
[Result "1/2-1/2"]
[WhiteElo "2463"]
[BlackElo "2599"]
[PlyCount "151"]
[EventDate "2005.07.09"]
[EventType "tourn"]
[EventRounds "9"]
[EventCountry "SLO"]
[Source "lmi"]
[SourceDate "2005.07.18"]

1. d4 Nf6 2. Nf3 e6 3. c4 b6 4. Nc3 Bb7 5. a3 d5 6. cxd5 Nxd5 7. Qc2 Nxc3 8.
bxc3 c5 9. e4 Nd7 10. Bf4 cxd4 11. cxd4 Rc8 12. Qb1 Be7 13. Bd3 O-O 14. O-O Rc3
15. Rc1 Rxc1+ 16. Bxc1 e5 17. d5 f5 18. Bc4 Qc8 19. Ba2 Kh8 20. Ng5 Qc3 21. Bb2
Qd2 22. Nf3 Qe2 23. Nxe5 fxe4 24. Bc4 Qxf2+ 25. Kh1 Nxe5 26. Bxe5 Bf6 27. Qxe4
Re8 28. Bd3 Qh4 29. Bxf6 Qxe4 30. Bxe4 Rxe4 31. Bc3 Rc4 32. Rc1 Bxd5 33. Bb2
Re4 34. Rc8+ Bg8 35. h3 Re7 36. Bc3 h6 37. Bb4 Rd7 38. Re8 a5 39. Bf8 Rd3 40.
Kh2 Rd5 41. Rb8 Rf5 42. Bd6 b5 43. Bc7 a4 44. Ba5 Kh7 45. Bc3 h5 46. Re8 Rc5
47. Bb4 Rg5 48. h4 Rg4 49. Re5 Rxh4+ 50. Kg3 Rg4+ 51. Kh2 Kg6 52. Rxb5 Bc4 53.
Ra5 h4 54. Rc5 Bd3 55. Rc3 Bf5 56. Rc6+ Kh5 57. Rc5 g6 58. Ra5 Re4 59. Rd5 Re2
60. Rd2 Re3 61. Bc5 Rc3 62. Bb4 Rb3 63. Rd5 Re3 64. Kg1 Re4 65. Kf2 Rf4+ 66.
Ke3 g5 67. Bd6 Re4+ 68. Kf2 Kg6 69. Re5 Rf4+ 70. Kg1 Rg4 71. Re2 Rd4 72. Be7
Be4 73. Rb2 Bd5 74. Re2 Kf5 75. Bb4 g4 76. Rd2 1/2-1/2

[Event "16. Memorial dr. Milana Vidmarja 2005"]
[Site "Portoroz SLO"]
[Date "2005.07.11"]
[Round "3.1"]
[White "Baramidze, David"]
[Black "Djukic, Nikola"]
[Result "1-0"]
[WhiteElo "2535"]
[BlackElo "2521"]
[PlyCount "77"]
[EventDate "2005.07.09"]
[EventType "tourn"]
[EventRounds "9"]
[EventCountry "SLO"]
[Source "lmi"]
[SourceDate "2005.07.18"]

1. e4 c5 2. Nf3 Nc6 3. d4 cxd4 4. Nxd4 Qc7 5. Nc3 e6 6. Be2 a6 7. Be3 Nf6 8. a3
Na5 9. f4 d6 10. O-O b5 11. e5 dxe5 12. fxe5 Qxe5 13. Bf4 Qc5 14. b4 Qa7 15.
Kh1 Bd7 16. bxa5 Qc5 17. Rf3 Rd8 18. Nb3 Qc8 19. Rd3 Be7 20. Be3 O-O 21. Bb6
Rde8 22. Bf3 e5 23. Nd2 Bf5 24. Nce4 Nd7 25. Rc3 Qb8 26. Bc7 Qa7 27. Nd6 Bxd6
28. Bxd6 Rc8 29. Bxf8 Rxc3 30. Bb4 Rxc2 31. Ne4 Rc7 32. Rc1 h6 33. h3 Be6 34.
Nd6 Nf6 35. Nxb5 Rxc1 36. Nxa7 Rxd1+ 37. Bxd1 Bc4 38. Nc6 e4 39. Ne5 1-0

[Event "16. Memorial dr. Milana Vidmarja 2005"]
[Site "Portoroz SLO"]
[Date "2005.07.11"]
[Round "3.2"]
[White "Mihalcisin, Adrian"]
[Black "Lenic, Luka"]
[Result "1/2-1/2"]
[WhiteElo "2526"]
[BlackElo "2463"]
[PlyCount "45"]
[EventDate "2005.07.09"]
[EventType "tourn"]
[EventRounds "9"]
[EventCountry "SLO"]
[Source "lmi"]
[SourceDate "2005.07.18"]

1. d4 Nf6 2. c4 g6 3. Nc3 Bg7 4. e4 O-O 5. f4 d6 6. Nf3 Na6 7. Be2 e5 8. dxe5
dxe5 9. Nxe5 Qxd1+ 10. Kxd1 Rd8+ 11. Kc2 Nc5 12. Bf3 Nfxe4 13. Nxe4 Bf5 14. Re1
Rd4 15. Kc3 Bxe5 16. fxe5 Rd3+ 17. Kc2 Rd4 18. b3 Nxe4 19. Kb2 Nc5 20. Be3 Nd3+
21. Kc3 Nxe1 22. Bxd4 Nxf3 23. gxf3 1/2-1/2

[Event "16. Memorial dr. Milana Vidmarja 2005"]
[Site "Portoroz SLO"]
[Date "2005.07.11"]
[Round "3.3"]
[White "Beliavsky, Alexander G"]
[Black "Bartel, Mateusz"]
[Result "1-0"]
[WhiteElo "2599"]
[BlackElo "2540"]
[PlyCount "51"]
[EventDate "2005.07.09"]
[EventType "tourn"]
[EventRounds "9"]
[EventCountry "SLO"]
[Source "lmi"]
[SourceDate "2005.07.18"]

1. d4 Nf6 2. c4 e6 3. Nc3 Bb4 4. Qc2 d5 5. cxd5 Qxd5 6. Nf3 Qf5 7. Qxf5 exf5 8.
Bd2 c6 9. e3 Be6 10. Ng5 Nbd7 11. Nxe6 fxe6 12. Bc4 Ke7 13. a3 Bd6 14. f3 e5
15. dxe5 Nxe5 16. Ba2 b5 17. Ke2 a5 18. Rhd1 Rhb8 19. Be1 Nc4 20. Rac1 Bxh2 21.
Bxc4 bxc4 22. Na4 Be5 23. Rxc4 Bxb2 24. Rxc6 Rc8 25. Rxc8 Rxc8 26. Nxb2 1-0

[Event "16. Memorial dr. Milana Vidmarja 2005"]
[Site "Portoroz SLO"]
[Date "2005.07.11"]
[Round "3.4"]
[White "Borisek, Jure"]
[Black "Predojevic, Borki"]
[Result "1/2-1/2"]
[WhiteElo "2509"]
[BlackElo "2543"]
[PlyCount "27"]
[EventDate "2005.07.09"]
[EventType "tourn"]
[EventRounds "9"]
[EventCountry "SLO"]
[Source "lmi"]
[SourceDate "2005.07.18"]

1. e4 e5 2. Nf3 d6 3. d4 exd4 4. Nxd4 Nf6 5. Nc3 Be7 6. Qf3 Nbd7 7. Nf5 Ne5 8.
Qf4 O-O 9. Be2 Re8 10. Be3 Ng6 11. Qf3 Ne5 12. Qf4 Ng6 13. Qf3 Ne5 14. Qf4
1/2-1/2

[Event "16. Memorial dr. Milana Vidmarja 2005"]
[Site "Portoroz SLO"]
[Date "2005.07.11"]
[Round "3.5"]
[White "Pavasovic, Dusko"]
[Black "Sermek, Drazen"]
[Result "1/2-1/2"]
[WhiteElo "2566"]
[BlackElo "2532"]
[PlyCount "57"]
[EventDate "2005.07.09"]
[EventType "tourn"]
[EventRounds "9"]
[EventCountry "SLO"]
[Source "lmi"]
[SourceDate "2005.07.18"]

1. e4 e5 2. Nf3 Nc6 3. d4 exd4 4. Nxd4 d6 5. Nc3 Nf6 6. Bb5 Bd7 7. O-O Be7 8.
Bf4 O-O 9. Re1 Nxd4 10. Qxd4 Bxb5 11. Nxb5 a6 12. Nc3 Nh5 13. Be3 Bf6 14. Qd2
Re8 15. f3 Be5 16. Nd5 Nf6 17. c4 Nxd5 18. cxd5 Qd7 19. Rac1 Rac8 20. f4 Bf6
21. Bd4 Bxd4+ 22. Qxd4 c5 23. dxc6 Rxc6 24. e5 Qc8 25. Rxc6 Qxc6 26. h3 h6 27.
Kh2 dxe5 28. Rxe5 Rxe5 29. Qxe5 1/2-1/2

[Event "16. Memorial dr. Milana Vidmarja 2005"]
[Site "Portoroz SLO"]
[Date "2005.07.12"]
[Round "4.2"]
[White "Predojevic, Borki"]
[Black "Baramidze, David"]
[Result "1/2-1/2"]
[WhiteElo "2543"]
[BlackElo "2535"]
[PlyCount "66"]
[EventDate "2005.07.09"]
[EventType "tourn"]
[EventRounds "9"]
[EventCountry "SLO"]
[Source "lmi"]
[SourceDate "2005.07.18"]

1. e4 c6 2. d4 d5 3. e5 Bf5 4. c4 e6 5. Nc3 Nd7 6. a3 Ne7 7. c5 b5 8. Be3 a5 9.
Be2 Bg6 10. f4 h5 11. Nf3 Nf5 12. Bf2 h4 13. Qd2 Be7 14. O-O Bh5 15. b4 O-O 16.
Rab1 axb4 17. axb4 g6 18. Ra1 Qc7 19. Qb2 Qb7 20. Rxa8 Rxa8 21. Ra1 Ra6 22. Ra2
Qa7 23. Rxa6 Qxa6 24. g3 hxg3 25. hxg3 Kg7 26. Kg2 g5 27. Nxg5 Bxe2 28. Nxe2
Bxg5 29. fxg5 Qa4 30. Nc3 Qa8 31. g4 Ne7 32. Qa2 Qxa2 33. Nxa2 Nf8 1/2-1/2

[Event "16. Memorial dr. Milana Vidmarja 2005"]
[Site "Portoroz SLO"]
[Date "2005.07.12"]
[Round "4.3"]
[White "Sermek, Drazen"]
[Black "Borisek, Jure"]
[Result "1/2-1/2"]
[WhiteElo "2532"]
[BlackElo "2509"]
[PlyCount "68"]
[EventDate "2005.07.09"]
[EventType "tourn"]
[EventRounds "9"]
[EventCountry "SLO"]
[Source "lmi"]
[SourceDate "2005.07.18"]

1. e4 e5 2. Nf3 Nc6 3. Bc4 Bc5 4. b4 Bxb4 5. c3 Be7 6. d4 Na5 7. Nxe5 Nxc4 8.
Nxc4 d5 9. exd5 Qxd5 10. Ne3 Qd8 11. O-O Nf6 12. c4 O-O 13. Nc3 c6 14. Bb2 b5
15. Qf3 bxc4 16. Qxc6 Rb8 17. Rab1 Rb4 18. Qf3 Re8 19. Rfd1 Bf8 20. h3 Bb7 21.
d5 Ba8 22. Ba1 Rxb1 23. Nxb1 Ne4 24. Nxc4 Bc5 25. Bd4 Qxd5 26. Bxc5 Qxc5 27.
Nba3 h6 28. Re1 f5 29. Qe3 Rc8 30. Qxc5 Rxc5 31. f3 Nf6 32. Re7 Bd5 33. Nd6 Ra5
34. Nab5 Bxa2 1/2-1/2

[Event "16. Memorial dr. Milana Vidmarja 2005"]
[Site "Portoroz SLO"]
[Date "2005.07.12"]
[Round "4.5"]
[White "Beliavsky, Alexander G"]
[Black "Mihalcisin, Adrian"]
[Result "1/2-1/2"]
[WhiteElo "2599"]
[BlackElo "2526"]
[PlyCount "37"]
[EventDate "2005.07.09"]
[EventType "tourn"]
[EventRounds "9"]
[EventCountry "SLO"]
[Source "lmi"]
[SourceDate "2005.07.18"]

1. d4 Nf6 2. c4 e6 3. Nf3 d5 4. g3 c5 5. cxd5 Nxd5 6. Bg2 Nc6 7. O-O Be7 8. Nc3
O-O 9. e4 Ndb4 10. a3 cxd4 11. axb4 dxc3 12. bxc3 b6 13. Bf4 Bb7 14. Qb3 Qc8
15. Nd4 Rd8 16. Rfd1 a6 17. Rac1 Bf6 18. Bh3 Kh8 19. Bg2 1/2-1/2

[Event "16. Memorial dr. Milana Vidmarja 2005"]
[Site "Portoroz SLO"]
[Date "2005.07.13"]
[Round "5.1"]
[White "Mihalcisin, Adrian"]
[Black "Bartel, Mateusz"]
[Result "1/2-1/2"]
[WhiteElo "2526"]
[BlackElo "2540"]
[PlyCount "43"]
[EventDate "2005.07.09"]
[EventType "tourn"]
[EventRounds "9"]
[EventCountry "SLO"]
[Source "lmi"]
[SourceDate "2005.07.18"]

1. e4 c6 2. d4 d5 3. Nd2 dxe4 4. Nxe4 Bf5 5. Ng3 Bg6 6. h4 h6 7. Nf3 Nf6 8. h5
Bh7 9. Bd3 Bxd3 10. Qxd3 e6 11. Bd2 c5 12. O-O-O Nc6 13. Be3 cxd4 14. Nxd4 Nxd4
15. Bxd4 Qd5 16. Bxf6 Qxd3 17. Rxd3 gxf6 18. Ne4 f5 19. Nd6+ Bxd6 20. Rxd6 Rd8
21. Rxd8+ Kxd8 22. Rh4 1/2-1/2

[Event "16. Memorial dr. Milana Vidmarja 2005"]
[Site "Portoroz SLO"]
[Date "2005.07.13"]
[Round "5.3"]
[White "Borisek, Jure"]
[Black "Lenic, Luka"]
[Result "1/2-1/2"]
[WhiteElo "2509"]
[BlackElo "2463"]
[PlyCount "50"]
[EventDate "2005.07.09"]
[EventType "tourn"]
[EventRounds "9"]
[EventCountry "SLO"]
[Source "lmi"]
[SourceDate "2005.07.18"]

1. e4 e5 2. Nf3 Nc6 3. Bb5 Nf6 4. d3 d6 5. c3 Be7 6. O-O O-O 7. Re1 Bd7 8. Nbd2
h6 9. d4 exd4 10. cxd4 a6 11. Ba4 Re8 12. h3 Bf8 13. Bc2 g6 14. Nf1 Bg7 15. Ng3
Nh7 16. Be3 Qf6 17. d5 Ne5 18. Nxe5 Qxe5 19. Rb1 c6 20. dxc6 Bxc6 21. Qd2 h5
22. Bf4 Qf6 23. f3 Qd4+ 24. Qxd4 Bxd4+ 25. Be3 Bxe3+ 1/2-1/2

[Event "16. Memorial dr. Milana Vidmarja 2005"]
[Site "Portoroz SLO"]
[Date "2005.07.14"]
[Round "6.5"]
[White "Mihalcisin, Adrian"]
[Black "Pavasovic, Dusko"]
[Result "1/2-1/2"]
[WhiteElo "2526"]
[BlackElo "2566"]
[PlyCount "61"]
[EventDate "2005.07.09"]
[EventType "tourn"]
[EventRounds "9"]
[EventCountry "SLO"]
[Source "lmi"]
[SourceDate "2005.07.18"]

1. e4 e5 2. Nf3 Nf6 3. Nxe5 d6 4. Nf3 Nxe4 5. d4 d5 6. Bd3 Nc6 7. O-O Be7 8. c4
Nb4 9. cxd5 Nxd3 10. Qxd3 Qxd5 11. Re1 Bf5 12. Nc3 Nxc3 13. Qxc3 Be6 14. Qxc7
Bd6 15. Qc3 O-O 16. Bd2 Rac8 17. Qe3 Qh5 18. Qg5 Qxg5 19. Nxg5 Bd5 20. Ne4 Rfd8
21. Bc3 Bf8 22. a3 f6 23. Re3 Rc6 24. Nc5 Bxc5 25. dxc5 Rxc5 26. Rd1 Rdc8 27.
Red3 Be6 28. Rd8+ Kf7 29. Rxc8 Rxc8 30. f3 h5 31. h4 1/2-1/2

[Event "16. Memorial dr. Milana Vidmarja 2005"]
[Site "Portoroz SLO"]
[Date "2005.07.15"]
[Round "7.2"]
[White "Borisek, Jure"]
[Black "Mihalcisin, Adrian"]
[Result "1/2-1/2"]
[WhiteElo "2509"]
[BlackElo "2526"]
[PlyCount "42"]
[EventDate "2005.07.09"]
[EventType "tourn"]
[EventRounds "9"]
[EventCountry "SLO"]
[Source "lmi"]
[SourceDate "2005.07.18"]

1. e4 e5 2. Nf3 Nc6 3. Bb5 a6 4. Ba4 Nf6 5. O-O Be7 6. Re1 b5 7. Bb3 d6 8. c3
O-O 9. h3 Be6 10. d4 Bxb3 11. axb3 exd4 12. cxd4 Nb4 13. Nc3 c5 14. Bf4 Re8 15.
Qd2 Qb6 16. Rad1 Rad8 17. d5 Nd7 18. Re2 Bf6 19. Bg5 h6 20. Bxf6 Nxf6 21. Nh4
Kh7 1/2-1/2

[Event "16. Memorial dr. Milana Vidmarja 2005"]
[Site "Portoroz SLO"]
[Date "2005.07.15"]
[Round "7.3"]
[White "Baramidze, David"]
[Black "Beliavsky, Alexander G"]
[Result "1/2-1/2"]
[WhiteElo "2535"]
[BlackElo "2599"]
[PlyCount "143"]
[EventDate "2005.07.09"]
[EventType "tourn"]
[EventRounds "9"]
[EventCountry "SLO"]
[Source "lmi"]
[SourceDate "2005.07.18"]

1. e4 e5 2. Nf3 Nc6 3. Bc4 Nf6 4. d3 Be7 5. c3 O-O 6. Nbd2 d6 7. Bb3 Na5 8. Bc2
c5 9. Nf1 Nc6 10. Ng3 d5 11. O-O d4 12. Ba4 Bd6 13. Bxc6 bxc6 14. cxd4 cxd4 15.
Qc2 c5 16. b3 Be6 17. h3 Re8 18. Nd2 Nd7 19. Nc4 Bc7 20. Ne2 a5 21. f4 a4 22.
Bd2 axb3 23. axb3 f6 24. Ra2 Qb8 25. f5 Bf7 26. Rfa1 Qb7 27. g4 Reb8 28. Nc1
Qc6 29. Rxa8 Rxa8 30. Rxa8+ Qxa8 31. Qa2 Qxa2 32. Nxa2 Kf8 33. Kf2 Ke7 34. Ke2
Nb8 35. Kd1 Kd7 36. Be1 Kc6 37. Bd2 Kb5 38. Na3+ Ka6 39. Nc4 Nc6 40. Kc2 Nb8
41. Kd1 Nd7 42. Nc1 Nb6 43. Be1 Be8 44. Bd2 Kb5 45. Na3+ Kc6 46. Nc4 Nc8 47.
Ke2 Nd6 48. Kf3 Kd7 49. Na2 g6 50. Nc1 gxf5 51. gxf5 Nc8 52. Bh6 Bh5+ 53. Kf2
Ke7 54. Bd2 Na7 55. Na3 Nc6 56. Nc4 Kd7 57. Ke1 Bd8 58. Na2 Kc7 59. Bh6 Be7 60.
Bg7 Kb7 61. Bh6 Ka6 62. Bg7 Na5 63. Nxa5 Kxa5 64. Kd2 Kb5 65. Kc2 Kc6 66. h4
Kd7 67. Bh6 Ke8 68. Bd2 Bd8 69. Nc1 Kd7 70. Na2 Kc6 71. Bh6 Be7 72. Nc1 1/2-1/2

[Event "16. Memorial dr. Milana Vidmarja 2005"]
[Site "Portoroz SLO"]
[Date "2005.07.15"]
[Round "7.5"]
[White "Predojevic, Borki"]
[Black "Sermek, Drazen"]
[Result "0-1"]
[WhiteElo "2543"]
[BlackElo "2532"]
[PlyCount "91"]
[EventDate "2005.07.09"]
[EventType "tourn"]
[EventRounds "9"]
[EventCountry "SLO"]
[Source "lmi"]
[SourceDate "2005.07.18"]

1. e4 d5 2. exd5 Qxd5 3. Nf3 Bg4 4. Be2 Nc6 5. d4 O-O-O 6. Be3 e5 7. c4 Qa5+ 8.
Bd2 Bb4 9. d5 Bxf3 10. Bxf3 Bxd2+ 11. Nxd2 Nd4 12. O-O Qb4 13. Re1 Nf6 14. b3
Rhe8 15. a3 Qc3 16. Be4 Nxe4 17. Rxe4 c6 18. Rc1 Qb2 19. Re3 Kb8 20. Nf3 cxd5
21. cxd5 Rxd5 22. Nxd4 Rxd4 23. Qe1 f6 24. h3 Qxa3 25. Qc3 Qd6 26. Qc2 e4 27.
g4 a6 28. Rc3 Rd2 29. Rc8+ Ka7 30. Qc5+ Qxc5 31. R1xc5 Rxc8 32. Rxc8 Rd3 33. b4
Rxh3 34. Kg2 Rf3 35. Rc7 g5 36. Rxh7 Rf4 37. Kg3 e3 38. fxe3 Rxb4 39. Rf7 Rb6
40. e4 a5 41. e5 fxe5 42. Rf5 a4 43. Rxg5 a3 44. Rxe5 a2 45. Ra5+ Ra6 46. Rxa6+
0-1

[Event "16. Memorial dr. Milana Vidmarja 2005"]
[Site "Portoroz SLO"]
[Date "2005.07.16"]
[Round "8.1"]
[White "Bartel, Mateusz"]
[Black "Sermek, Drazen"]
[Result "0-1"]
[WhiteElo "2540"]
[BlackElo "2532"]
[PlyCount "96"]
[EventDate "2005.07.09"]
[EventType "tourn"]
[EventRounds "9"]
[EventCountry "SLO"]
[Source "lmi"]
[SourceDate "2005.07.18"]

1. g3 c5 2. Bg2 g6 3. e4 Bg7 4. Ne2 Nc6 5. c3 e5 6. d3 Nge7 7. Be3 d6 8. Nd2
O-O 9. f4 b6 10. O-O d5 11. fxe5 Nxe5 12. d4 Ng4 13. Bf4 Ba6 14. h3 Nf6 15. e5
Nh5 16. Rf2 Nf5 17. Nf1 cxd4 18. cxd4 Rc8 19. Nc3 Rc4 20. Rd2 Bb7 21. Rd3 Nxf4
22. gxf4 Bh6 23. b3 Rc8 24. Qf3 Ba6 25. Rad1 Bxd3 26. Rxd3 Nh4 27. Qg4 Nxg2 28.
Qxg2 Bxf4 29. Nxd5 Qg5 30. h4 Qxg2+ 31. Kxg2 Rc2+ 32. Kf3 Rc1 33. Ke2 Rc2+ 34.
Kd1 Rxa2 35. Nxf4 Rf2 36. Nd5 Rxf1+ 37. Ke2 Rc1 38. Nf6+ Kg7 39. d5 Rh1 40. Rd4
Rc8 41. d6 Rh2+ 42. Kf3 Rc3+ 43. Kg4 h5+ 44. Nxh5+ gxh5+ 45. Kxh5 Rc8 46. Rg4+
Kh8 47. Rf4 Re2 48. Rf5 Re8 0-1

[Event "16. Memorial dr. Milana Vidmarja 2005"]
[Site "Portoroz SLO"]
[Date "2005.07.16"]
[Round "8.2"]
[White "Lenic, Luka"]
[Black "Predojevic, Borki"]
[Result "0-1"]
[WhiteElo "2463"]
[BlackElo "2543"]
[PlyCount "84"]
[EventDate "2005.07.09"]
[EventType "tourn"]
[EventRounds "9"]
[EventCountry "SLO"]
[Source "lmi"]
[SourceDate "2005.07.18"]

1. d4 Nf6 2. c4 g6 3. Nc3 d5 4. Bf4 Bg7 5. e3 c5 6. dxc5 Qa5 7. Rc1 dxc4 8.
Bxc4 O-O 9. Nf3 Qxc5 10. Nb5 Be6 11. Bd3 Qb4+ 12. Qd2 Nc6 13. Nc7 Rad8 14. Nxe6
Qxd2+ 15. Nxd2 fxe6 16. Bb5 Nd5 17. Bxc6 bxc6 18. Ne4 Bxb2 19. Rxc6 Rc8 20.
Rxc8 Rxc8 21. Kd2 Rc4 22. Rb1 Rxe4 23. Rxb2 Nxf4 24. f3 Ra4 25. exf4 Rxf4 26.
Rb8+ Kf7 27. Kc3 e5 28. Rb5 Kf6 29. Ra5 e4 30. Ra6+ e6 31. Ra4 Kf5 32. Rxa7
exf3 33. Rf7+ Kg5 34. Rxf4 fxg2 35. Rf3 g1=Q 36. Rg3+ Qxg3+ 37. hxg3 Kf6 38. a4
Ke5 39. g4 h5 40. gxh5 gxh5 41. Kd3 Kd5 42. Ke3 Kc5 0-1